Si Dios hizo la noche sin luz...: el manejo popular de tecnologías

Gespeichert in:
Bibliographische Detailangaben
Hauptverfasser: Maskrey, Andrew (autor), Rochabrún S., Guillermo (VerfasserIn)
Format: Buch
Sprache:Spanisch
Veröffentlicht: Lima Tecnología Intermedia 1990
Schlagworte:
Tags: Tag hinzufügen
Keine Tags, Fügen Sie den ersten Tag hinzu!

MARC

LEADER 00000nam a2200000 a 4500
001 UCW0232
003 CL-VaPUC
008 920129e19900000PE |||||||||||||||||spa|d
082 0 4 |a 303.483  |b MAS  |2 21 
100 |a Maskrey, Andrew  |e autor  |9 304187 
700 0 |a Rochabrún S., Guillermo  |e author  |9 304188 
245 1 0 |a Si Dios hizo la noche sin luz...: el manejo popular de tecnologías 
300 |a 293 p 
942 |c BK 
945 |d 19920129 00:00:00 
260 |a Lima  |b Tecnología Intermedia  |c 1990 
650 0 |a Tecnología  |9 256742 
650 7 |a INNOVACIONES TECNOLOGICAS  |2 CL-VaPUC  |9 304189 
650 0 |a Aspectos sociales  |9 254894 
583 |a last modification  |c 19920129 00:00:00  |k Rodrigo Vera 
999 |c 215455  |d 215453 
952 |0 0  |1 0  |4 0  |6 303_483000000000000_MAS_1990  |7 0  |8 A  |9 199765  |a BIBART  |b BIBART  |d 2019-11-14  |i 2670267  |o 303.483 MAS 1990  |p 2670267  |r 2025-03-13  |w 2019-11-14  |y BK  |k ART